| 000 | 00664 a2200205 4500 | ||
|---|---|---|---|
| 005 | 20260223113451.0 | ||
| 008 | 260223b |||||||| |||| 00| 0 eng d | ||
| 020 |
_a9789348491848 _cRs. 1595.00 |
||
| 040 | _aMAIN | ||
| 082 |
_a342.54087 _bR18L |
||
| 100 | _aRao, Yagati Chinna, ed. | ||
| 245 | _aLooking glass: Reflections on the supreme court judgement on sub- classification of scheduled castes | ||
| 260 |
_bKanishka Publishers Ditributors _c2025 _aNew Delhi |
||
| 300 | _a456 | ||
| 650 | _aConstitutional Law- India | ||
| 650 | _aScheduled Caste- Legal Status | ||
| 650 | _aReservation- India | ||
| 700 | _aVijaisri, Priyadarshini, ed. | ||
| 942 | _cBK | ||
| 999 |
_c396197 _d396197 |
||